00572nam a2200169Ia 4500003000900000008004100009040001600050100002800066245009400094260003300188650001900221650003000240700003100270942000700301999001500308952007900323IN-BaIIA211028s9999 xx 000 0 eng d cIIA Library aBolz, Harold, A.910557 0aMaterials handling handbookcBolz, Harold, A., and Hagemann, George E.  aNew YorkbRonald Pressc1958 aHandbook91241 aMaterials handling910558 aHagemann, George E.910559 cBK c6096d6096 00104070aBANbKAVcGENd1979-01-05l0p6806r2021-11-05w1979-01-05yBK